LEADER 01039nam--2200373---450- 001 990003457100203316 005 20101019145114.0 010 $a978-88-06-20152-4 035 $a000345710 035 $aUSA01000345710 035 $a(ALEPH)000345710USA01 035 $a000345710 100 $a20101019d2010----km-y0itay50------ba 101 $aita$alat 102 $aIT 105 $a||||||||001yy 200 1 $aEutifrone; Apologia di Socrate; Critone$fPlatone$gcure di Bruno Centrone e Angelica Taglia 210 $aTorino$cEinaudi$d2010 215 $a291 p.$d20 cm 225 2 $aET$v1624 300 $aTesto greco a fronte 410 0$12001$aET$v1624 676 $a184 700 1$aPLATO$0292329 702 1$aCENTRONE,$bBruno 702 1$aTAGLIA,$bAngelica 801 0$aIT$bsalbc$gISBD 912 $a990003457100203316 951 $aII.1.A. 1405$b228637 L.M.$cII.1.A.$d00283417 959 $aBK 969 $aUMA 979 $aMARTUCCIEL$b90$c20101019$lUSA01$h1451 996 $aApologia S?kratous$913076 997 $aUNISA